| 000 | 00390nam a2200145 a 4500 | ||
|---|---|---|---|
| 001 | 000041523 | ||
| 005 | 20201002035624.0 | ||
| 008 | 131009s2005 cu 000 0 spa d | ||
| 020 | _a9590106730 | ||
| 040 |
_aDO-SdBNP _bspa _cBNPHU |
||
| 082 |
_axxx _bxxx |
||
| 245 | 0 | 3 |
_aLa tormenta perfecta : _bel caso de los cinco. |
| 260 |
_aLa Habana : _bPolĂtica, _c2005. |
||
| 300 |
_a211 p. ; _c24 cm. |
||
| 999 |
_c41013 _d41013 |
||